Alphabet le plus vite possible - Statistiques

Statistiques générales
  • Ce quiz a été pris 575 fois
  • Le résultat moyen est 22 sur 26
Statistiques - réponses
Lettre Réponse % Correct
a a
99%
b b
97%
e e
95%
d d
94%
c c
93%
f f
92%
h h
91%
i i
90%
g g
89%
k k
89%
j j
87%
l l
86%
o o
86%
m m
85%
n n
82%
p p
82%
q q
80%
s s
80%
r r
79%
t t
78%
u u
77%
w w
76%
v v
75%
x x
72%
y y
72%
z z
72%
Aucun quiz correspondant
Distribution des résultats
% des personnes avec chaque résultat
Percentile par nombre de réponses
Votre historique - résultats
Vous n’avez pas pris ce quiz